L'art et les artistes en France / (Record no. 162056)

MARC details
000 -LEADER
campo de control de longitud fija 00900nam a2200253 i 4500
001 - NÚMERO DE CONTROL
campo de control 162056
003 - IDENTIFICADOR DE NÚMERO DE CONTROL
campo de control ES-MaACL
005 - FECHA Y HORA DE LA ÚLTIMA TRANSACCIÓN
campo de control 20250710063340.0
008 - DATOS DE LONGITUD FIJA--INFORMACIÓN GENERAL
campo de control de longitud fija 041103q1861 fr |||| | fre d
040 ## - FUENTE DE CATALOGACIÓN
Centro catalogador/agencia de origen CAM
Lengua de catalogación spa
Centro/agencia transcriptor CAM
080 ## - NÚMERO DE LA CLASIFICACIÓN DECIMAL UNIVERSAL
Número de la Clasificación Decimal Universal 7.035/.036(44)
100 1# - ENTRADA PRINCIPAL--NOMBRE DE PERSONA
Nombre de persona Laurent-Pichat, Léon,
Fechas asociadas al nombre 1823-1886
Término indicativo de función/relación Autor
9 (RLIN) 131127
245 12 - MENCIÓN DEL TÍTULO
Título L'art et les artistes en France /
Mención de responsabilidad, etc. par Laurent Pichat.
250 ## - MENCION DE EDICION
Mención de edición 2e éd.
260 ## - PUBLICACIÓN, DISTRIBUCIÓN, ETC.
Lugar de publicación, distribución, etc. Paris :
Nombre del editor, distribuidor, etc. [s.n.,
Fecha de publicación, distribución, etc. ca. 1861]
Fabricante (Imp. de Dubuisson et C.)
300 ## - DESCRIPCIÓN FÍSICA
Extensión 188 páginas ;
Dimensiones 16 cm.
596 ## - NOTA AL PIE DE IMPRENTA
NOTA AL PIE DE IMPRENTA BN Opale-Plus lo fecha en 1861
650 #4 - PUNTO DE ACCESO ADICIONAL DE MATERIA--TÉRMINO DE MATERIA
Término de materia o nombre geográfico como elemento de entrada Arte francés-
Subdivisión cronológica S.XIX.
9 (RLIN) 159997
650 #4 - PUNTO DE ACCESO ADICIONAL DE MATERIA--TÉRMINO DE MATERIA
Término de materia o nombre geográfico como elemento de entrada Artistas-
Subdivisión geográfica París
9 (RLIN) 148051
852 ## - LOCALIZACIÓN
Ubicación ES-MaACL
Ubicación en estantería Depósito folletos
Partes que faltan Falto de cub. original
Donativo/Legado Donativo Haes
Número de control de estantería T-229-F-3
Encuadernación En lomo: Haes
-- Enc. en un vol. facticio
-- Holandesa
942 ## - ELEMENTOS DE ENTRADA SECUNDARIOS (KOHA)
Fuente del sistema de clasificación o colocación Clasificación decimal universal
Tipo de ítem Koha Folleto
Suprimir en OPAC No
Holdings
Estatus retirado Estado de pérdida Fuente del sistema de clasificación o colocación Estado de daño No para préstamo Colección Biblioteca de origen Biblioteca actual Ubicación en estantería Fecha de adquisición Fuente de adquisición Total de préstamos Signatura topográfica completa Código de barras Visto por última vez Tipo de ítem Koha
    Clasificación decimal universal     Colección de folletos Biblioteca del Ateneo de Madrid Biblioteca del Ateneo de Madrid Depósito folletos 17/01/2008 Donación   T-229-F-3 1169765 23/02/2023 Folleto